书目信息 |
| 题名: |
表达与技巧例话
|
|
| 作者: | 忘彩慧 编著 | |
| 分册: | ||
| 出版信息: | 北京 首都师范大学出版社 1999.01 |
|
| 页数: | 319页 | |
| 开本: | 32开 | |
| 丛书名: | ||
| 单 册: | ||
| 中图分类: | G633.34 | |
| 科图分类: | ||
| 主题词: | 教育--各级 | |
| 电子资源: | ||
| ISBN: | 7-81064-006-2 | |
| 000 | 00557nam0 2200193 45 | |
| 001 | 0008140840 | |
| 005 | 20000814085926.0 | |
| 010 | @a7-81064-006-2@d10.00元 | |
| 100 | @a20000814d1999 km y0chiy0120 ea | |
| 101 | 0 | @achi |
| 105 | @a z 000yy | |
| 200 | 1 | @a表达与技巧例话@ABiao Da Yu Ji Qiao Li Hua@f忘彩慧编著@FWang Cai Hui Bian Zhu |
| 210 | @a北京@c首都师范大学出版社@d1999.01 | |
| 215 | @a319页@d32开 | |
| 606 | 0 | @a教育@x各级 |
| 690 | @aG633.34@v3 | |
| 701 | 0 | @a忘彩慧@4编著 |
| 801 | @aCN@bPftUser@c20000814 | |
| 905 | @b105117-119@dG633.34@eW314@f3 | |
| 表达与技巧例话/忘彩慧编著.-北京:首都师范大学出版社,1999.01 |
| 319页;32开 |
| ISBN 7-81064-006-2:10.00元 |
| ● |
| 相关链接 |
|
|
|
正题名:表达与技巧例话
索取号:G633.34/W314
 
预约/预借
| 序号 | 登录号 | 条形码 | 馆藏地/架位号 | 状态 | 备注 |
| 1 | 105117 | 201051173 | 社科二线422/409社科库 7排2列4层/ [索取号:G633.34/W314] | 在馆 | |
| 2 | 105118 | 201051182 | 社科库409/409社科库 7排2列4层/ [索取号:G633.34/W314] | 在馆 | |
| 3 | 105119 | 201051191 | 社科库409/409社科库 7排2列4层/ [索取号:G633.34/W314] | 在馆 |